Music Quiz

Random Music or Song Quiz

One Direction First Lyrics Quiz Stats

 Plays Quiz not verified by Sporcle

Challenge
Share
Tweet
Embed
Score 0/20 Timer 10:00
0 Plays Today
% Correct
Your hand fits in mine, like it's made just for me.Little Things
92.5%
Do you remember summer '09, wanna go back there every night, just can't lie, was the best time of my life.Rock Me
92.5%
Hey girl, I'm waiting on ya, I'm waiting on ya, c'mon and let me sneak you out.Live While We're Young
89.3%
Oh, I just wanna take you anywhere that you'd like, we could go out, any day, any night.Kiss You
88.6%
People say, we shouldn't be together, too young to know about forever. They Don't Know About Us
84.4%
Can't believe you're, packing your bags, trying so hard not to cry.Summer Love
82.8%
Said I'd never leave her, 'cause her hands fit like my t-shirt, tongue-tied over three words.Over Again
82.1%
Lately I found myself thinking, been dreaming about you a lot. I Would
81.7%
The one that I came with, she had to go. But you look amazing, standing alone.C'mon C'mon
80.8%
She sneaks out in the middle of the night, yeah, tight dress with the top cut low.She's Not Afraid
80.7%
% Correct
Baby, you've got me sick, I don't know what I did, need to take a break and figure it out.Heart Attack
80.6%
Baby I, I wanna know, what you think when you're alone, is it me, yeah, are you thinking of me, yeah.Last First Kiss
75.2%
The end of the night, we should say good-bye, but we carry on, while everyone's gone.Change My Mind
74.1%
You're so pretty, when you cry, when you cry, wasn't ready to hear you, say good-bye.Nobody Compares
73.9%
Whenever I close my eyes, I picture you there.Back For You
72.3%
Girl that should be me, driving to your house, knocking on your door, kissing you on the mouth.Loved You First
69%
Am I asleep, am I awake, or somewhere in-between, I can't believe that you are here and lying next to me.Truly, Madly, Deeply
67.3%
Hello, hello, I know it's been awhile but baby, I've got something that I really wanna let you know.Still The One
65.9%
B-b-b-baby, come on over, I don't care if people find out.Magic
64.6%
Don't, try to make me stay, or ask if I'm okay, I don't have the answer.Irresistible
60.6%

You're not logged in!

Compare scores with friends on all Sporcle quizzes.
Join for Free
OR
Log In

You Might Also Like...

Show Comments

Extras

Top Quizzes Today


Score Distribution

Your Account Isn't Verified!

In order to create a playlist on Sporcle, you need to verify the email address you used during registration. Go to your Sporcle Settings to finish the process.

Report this User

Report this user for behavior that violates our Community Guidelines.

Details: